[Event "Pereira op"]
[Site "Pereira"]
[Date "2023.09.23"]
[Round "3"]
[White "Moncada, Duvan Andres"]
[Black "Carrillo Riano, Karen Sofia"]
[Result "0-1"]
[WhiteElo "1580"]
[BlackElo "1289"]
[PlyCount "65"]
[EventDate "2023.09.23"]
[EventType "swiss"]
[EventRounds "6"]
[EventCountry "COL"]
[SourceTitle "EXT 2024"]
[Source "ChessBase"]
[SourceDate "2023.10.10"]
[SourceVersion "1"]
[SourceVersionDate "2023.10.10"]
[SourceQuality "1"]

1. e4 c5 2. Nc3 e6 3. g3 Nc6 4. f4 d6 5. Bg2 a6 6. Nh3 Be7 7. 0-0 Nf6 8. d3 Qc7 9. Ne2 Bd7 10. Be3 Ng4 11. Bd2 Bf6 12. c3 Qb6 13. Nf2 Nxf2 14. Rxf2 h5 15. Be3 h4 16. g4 h3 17. Bf3 Bh4 18. Rf1 g5 19. b4 gxf4 20. Nxf4 Bg5 21. bxc5 dxc5 22. Rb1 Qc7 23. Qd2 Ne5 24. Be2 b5 25. Rf2 Bh4 26. Rff1 Rg8 27. Kh1 Bc6 28. Nxh3 Rd8 29. Bf4 Bxe4+ 30. Bf3 Nxf3 31. Bxc7 Nxd2+ 32. dxe4 Rd7 33. Bb6 0-1

[Event "Pereira Fiestas de la Cosecha op"]
[Site "Pereira"]
[Date "2023.08.27"]
[Round "6"]
[White "Carrillo Riano, Karen Sofia"]
[Black "Osorio Jaramillo, Mauricio"]
[Result "1-0"]
[WhiteElo "1253"]
[BlackElo "1506"]
[PlyCount "61"]
[EventDate "2023.08.24"]
[EventType "swiss"]
[EventRounds "7"]
[EventCountry "COL"]
[SourceTitle "EXT 2024"]
[Source "ChessBase"]
[SourceDate "2023.10.10"]
[SourceVersion "1"]
[SourceVersionDate "2023.10.10"]
[SourceQuality "1"]

1. e4 c5 2. Nf3 d6 3. d4 cxd4 4. Nxd4 a6 5. c4 Nc6 6. Nc3 Nf6 7. Be3 e6 8. Be2 Be7 9. 0-0 Bd7 10. f4 e5 11. Nf5 Bxf5 12. exf5 0-0 13. Nd5 Nxd5 14. Qxd5 Qc7 15. Rf3 Bf6 16. Rg3 Ne7 17. Qe4 Qd7 18. Bg4 b5 19. fxe5 dxe5 20. Rd1 Qc8 21. Rd6 Qxc4 22. Qxc4 bxc4 23. Rxf6 gxf6 24. Bf3+ Kh8 25. Bxa8 Rxa8 26. Bc5 Nd5 27. Ra3 Rb8 28. Rxa6 Rxb2 29. Ra8+ Kg7 30. Bf8+ Kg8 31. Bh6+ 1-0

[Event "COL-ch U20 Girls"]
[Site "Cali"]
[Date "2023.06.25"]
[Round "7"]
[White "Carrillo Riano, Karen Sofia"]
[Black "Lozano Pulgarin, Maria Antonia"]
[Result "1-0"]
[WhiteElo "1312"]
[BlackElo "1292"]
[PlyCount "71"]
[EventDate "2023.06.22"]
[EventType "swiss"]
[EventRounds "7"]
[EventCountry "COL"]
[SourceTitle "CBM 214 Extra"]
[Source "ChessBase"]
[SourceDate "2023.07.31"]
[SourceVersion "1"]
[SourceVersionDate "2023.07.31"]
[SourceQuality "1"]

1. e4 e5 2. Nf3 Nc6 3. Bc4 Bc5 4. c3 Nf6 5. d4 exd4 6. cxd4 Bb4+ 7. Bd2 Bxd2+ 8. Nbxd2 d5 9. exd5 Nxd5 10. 0-0 0-0 11. Bb3 Bg4 12. Qc2 h6 13. Qe4 Be6 14. Nc4 Nf6 15. Qe3 Qd7 16. Nce5 Qd6 17. Bc2 Rad8 18. Rfd1 Rfe8 19. a3 Nd5 20. Qd3 Nf6 21. Rac1 Bd5 22. Ba4 Re6 23. Qf5 a6 24. g4 b5 25. Bc2 Rde8 26. h4 Nxe5 27. dxe5 Rxe5 28. Nxe5 Rxe5 29. Qd3 Qc6 30. Bb1 Qd7 31. Qg3 Qd6 32. Re1 Rxe1+ 33. Rxe1 Qxg3+ 34. fxg3 Kf8 35. g5 hxg5 36. hxg5 1-0

[Event "Pan American-ch U20 Girls"]
[Site "Pereira"]
[Date "2022.08.23"]
[Round "2"]
[White "Caicedo Anguila, Juliana Andrea"]
[Black "Carrillo Riano, Karen Sofia"]
[Result "1-0"]
[WhiteElo "1591"]
[BlackElo "1350"]
[PlyCount "107"]
[EventDate "2022.08.23"]
[EventType "swiss"]
[EventRounds "9"]
[EventCountry "COL"]
[SourceTitle "CBM 210 Extra"]
[Source "ChessBase"]
[SourceDate "2022.11.30"]
[SourceVersion "1"]
[SourceVersionDate "2022.11.30"]
[SourceQuality "1"]

1. d4 e6 2. c4 Nf6 3. a3 c5 4. d5 d6 5. Nc3 Be7 6. e4 0-0 7. Nf3 exd5 8. exd5 Nbd7 9. Be2 Re8 10. 0-0 Nf8 11. b4 Ng6 12. bxc5 dxc5 13. h3 a6 14. a4 Qc7 15. Qc2 Bd6 16. Re1 Bd7 17. a5 Ne5 18. Bd2 Nxf3+ 19. Bxf3 Rxe1+ 20. Bxe1 Be5 21. Rb1 g6 22. Rb6 Qc8 23. Ne4 Nxe4 24. Bxe4 f5 25. Bf3 Rb8 26. Qb1 Bc7 27. Rb3 Ba4 28. d6 Bxd6 29. Rxb7 Rxb7 30. Bxb7 Qb8 31. Bd5+ Kf8 32. Qxb8+ Bxb8 33. Bb7 Ke7 34. Bxa6 Bc6 35. g3 Bf3 36. Bc3 Bc7 37. Kf1 Ke6 38. Ke1 Ke7 39. Kd2 Bg2 40. h4 Bf3 41. Ke3 Ba8 42. Bc8 Bc6 43. a6 Bb8 44. Ba5 Ba7 45. Bc7 Ba4 46. Bb7 Be8 47. Bd5 Bf7 48. Bxf7 Kxf7 49. Kf4 Kf6 50. Be5+ Ke6 51. f3 Kf7 52. Kg5 Ke6 53. f4 Kd7 54. Kh6 1-0

[Event "COL-ch U18 Girls"]
[Site "Medellin"]
[Date "2022.06.03"]
[Round "4"]
[White "Ortiz Valencia, Sofia"]
[Black "Carrillo Riano, Karen Sofia"]
[Result "0-1"]
[WhiteElo "1327"]
[BlackElo "1305"]
[PlyCount "66"]
[EventDate "2022.06.01"]
[EventType "swiss"]
[EventRounds "9"]
[EventCountry "COL"]
[SourceTitle "CBM 208 Extra"]
[Source "ChessBase"]
[SourceDate "2022.07.31"]
[SourceVersion "1"]
[SourceVersionDate "2022.07.31"]
[SourceQuality "1"]

1. e4 c5 2. Nf3 e6 3. Nc3 Nc6 4. Be2 Nf6 5. 0-0 d6 6. d4 cxd4 7. Nxd4 a6 8. Nf3 Be7 9. Bg5 0-0 10. Bc4 Qc7 11. Qd2 b5 12. Be2 b4 13. Na4 Nxe4 14. Qe3 Nxg5 15. Nxg5 Qa5 16. Nf3 Qxa4 17. b3 Qa5 18. c4 Qc5 19. Qd2 Bb7 20. Bd3 Ne5 21. Nxe5 dxe5 22. Bc2 Bf6 23. Qd1 e4 24. Rb1 Qg5 25. g3 Rad8 26. Qe2 Bc3 27. Rbd1 Rd2 28. Rxd2 Qxd2 29. Qd1 e3 30. Qxd2 Bxd2 31. fxe3 Bxe3+ 32. Rf2 Bxf2+ 33. Kxf2 Rd8 0-1

[Event "COL Subzt 2.3.4 (Women)"]
[Site "Risarald"]
[Date "2021.11.24"]
[Round "3"]
[White "Morales Perez, Ghisell"]
[Black "Carrillo Riano, Karen Sofia"]
[Result "1-0"]
[WhiteElo "1261"]
[BlackElo "1443"]
[PlyCount "73"]
[EventDate "2021.11.23"]
[EventType "swiss"]
[EventRounds "9"]
[EventCountry "COL"]
[SourceTitle "CBM 205 Extra"]
[Source "ChessBase"]
[SourceDate "2022.01.31"]
[SourceVersion "1"]
[SourceVersionDate "2022.01.31"]
[SourceQuality "1"]

1. c4 e5 2. Nc3 Nf6 3. g3 c6 4. Bg2 Be7 5. d3 d6 6. Nf3 0-0 7. 0-0 Nbd7 8. b3 Re8 9. Bb2 Nf8 10. Qd2 Ng6 11. Rad1 Bd7 12. Rfe1 Qc8 13. d4 Bh3 14. dxe5 dxe5 15. e4 Nh5 16. Bxh3 Qxh3 17. Qd7 Nhf4 18. Qxh3 Nxh3+ 19. Kg2 Ng5 20. Nxg5 Bxg5 21. Rd7 b6 22. Red1 Red8 23. R1d6 Be7 24. Rxd8+ Rxd8 25. Rxc6 Rd2 26. Rc8+ Nf8 27. Nd5 Bc5 28. Bxe5 f6 29. Bf4 Rxf2+ 30. Kh3 Rxa2 31. b4 Bg1 32. g4 Kf7 33. Rc7+ Kg6 34. Ne7+ Kf7 35. Nf5+ Ke8 36. Re7+ Kd8 37. Bc7+ 1-0

[Event "Soacha op-B"]
[Site "Soacha"]
[Date "2021.09.10"]
[Round "5"]
[White "Penas Burgos, Nestor"]
[Black "Carrillo Riano, Karen Sofia"]
[Result "0-1"]
[WhiteElo "1692"]
[BlackElo "1309"]
[PlyCount "31"]
[EventDate "2021.09.08"]
[EventType "swiss"]
[EventRounds "9"]
[EventCountry "COL"]
[SourceTitle "CBM 204 Extra"]
[Source "ChessBase"]
[SourceDate "2021.11.30"]
[SourceVersion "1"]
[SourceVersionDate "2021.11.30"]
[SourceQuality "1"]

1. Nc3 c5 2. e4 e6 3. f4 a6 4. a4 Nc6 5. Nf3 d6 6. Bc4 Be7 7. 0-0 Rb8 8. d3 Qc7 9. Qe1 Nb4 10. Qf2 g6 11. Be3 Bf6 12. e5 Be7 13. exd6 Bxd6 14. Ne4 b6 15. Nxd6+ Qxd6 16. d4 0-1

[Event "COL-ch sf (Women)"]
[Site "Santa Rosa"]
[Date "2021.08.12"]
[Round "1"]
[White "Cardona Martinez, Lina Sofia"]
[Black "Carrillo Riano, Karen Sofia"]
[Result "1-0"]
[WhiteElo "1877"]
[BlackElo "1217"]
[PlyCount "69"]
[EventDate "2021.08.12"]
[EventType "swiss"]
[EventRounds "9"]
[EventCountry "COL"]
[SourceTitle "CBM 204 Extra"]
[Source "ChessBase"]
[SourceDate "2021.11.30"]
[SourceVersion "1"]
[SourceVersionDate "2021.11.30"]
[SourceQuality "1"]

1. e4 c5 2. Nf3 e6 3. d4 cxd4 4. Nxd4 a6 5. Bd3 Nc6 6. c3 Qc7 7. 0-0 Nf6 8. f4 Bc5 9. Be3 Qb6 10. Nd2 e5 11. Nc4 Qc7 12. Nxe5 Nxe5 13. fxe5 Qxe5 14. Rf5 Qe7 15. Bg5 d6 16. Rf1 Rg8 17. Qf3 h6 18. Bxf6 Qxf6 19. Qxf6 gxf6 20. Rxf6 Bh3 21. Rf2 Ke7 22. Raf1 Raf8 23. Kh1 Be6 24. a3 h5 25. Rf4 Rh8 26. h3 h4 27. Nf3 Be3 28. Rxh4 Rxh4 29. Nxh4 Rh8 30. Nf3 Bxh3 31. gxh3 Rxh3+ 32. Kg2 Rh8 33. Nd4 Rg8+ 34. Kf3 Bh6 35. Nf5+ 1-0